Modern residential financing methods : tools of the trade
Αποθηκεύτηκε σε:
| Κύριος συγγραφέας: | |
|---|---|
| Άλλοι συγγραφείς: | |
| Μορφή: | Βιβλίο |
| Γλώσσα: | English |
| Δημοσίευση: |
Chicago :
Real Estate Education,
1990
|
| Έκδοση: | 2nd ed. |
| Θέματα: | |
| Ετικέτες: |
Προσθήκη ετικέτας
Δεν υπάρχουν, Καταχωρήστε ετικέτα πρώτοι!
|
MARC
| LEADER | 00000nam a2200000 i 4500 | ||
|---|---|---|---|
| 001 | 1/5022 | ||
| 008 | 000602s1990 eng d | ||
| 020 | |a 0-88462-885-X | ||
| 035 | |l 10061439 | ||
| 040 | |a GR-MY-UA |b gre |e aacr | ||
| 041 | 0 | |a eng | |
| 082 | 0 | |a 332.7220973 | |
| 100 | 1 | |a Mettling, Stephen R. | |
| 245 | 1 | 0 | |a Modern residential financing methods : |b tools of the trade / |c Stephen R. Mettling; Gerald R. Cortesi |
| 250 | |a 2nd ed. | ||
| 260 | |a Chicago : |b Real Estate Education, |c 1990 | ||
| 300 | |a x, 189 σ.; |b εικ.; |c 28 εκ. | ||
| 504 | |a Περιέχει ευρετήριο | ||
| 650 | 0 | 0 | |a Mortgage loans |z United States. |
| 650 | 0 | 0 | |a Housing |z United States |x Finance. |
| 650 | 0 | 0 | |a Real property |z United States |x Finance. |
| 700 | 1 | |a Cortesi, Gerald R. | |
| 852 | |a INST |b LESVOS |e 20000602 |h 332.7220973 MET |p 005100024140 |q 005100024140 |t BK |y 0 | ||
| 901 | |a BIBL1-2000-2 | ||
| 909 | |a Λ |b 080081 | ||
| 922 | |a 1ΕΛΗ |b 200005 |c ΚΠΣ/ΤΓ |d LEADER | ||
| 950 | |a 118-1999-09-20 | ||
| 970 | |a ΚΑΜΑΤΣΟΥ |b ΔΕΣΠΟΙΝΑ |z 2000/06/06 | ||